Intervention of international communism in Guatemala (Registro nro. 90672)

Detalles MARC
000 -ENCABEZADO
Número de control [NR] 00748nam a22002057a 4500
008 - DE LONGITUD FIJA DE DATOS DE ELEMENTOS - INFORMACIÓN GENERAL
Elementos de longitud fija [NR] 130821s1976 xxu gr eng
020 ## - NUMERO INTERNACIONAL NORMALIZADO PARA LIBROS [R]
Número Internacional Normalizado del libro [NR] 0837191009
040 ## - FUENTE DE CATALOGACION [NR]
Agencia de catalogación original [NR] Co-BoUCM
Idioma de catalogación [NR] spa
041 00 - CODIGO DE IDIOMA [R]
Código de idioma para texto/pista de sonido o título separado [R] Inglés
110 2# - ASIENTO PRINCIPAL--NOMBRE CORPORATIVO [NR]
Nombre corporativo o de jurisdicción como elemento de entrada [NR] Estados Unidos.
Unidad subordinada [R] Departamento de Estado
245 10 - MENCION DE TITULO [NR]
Título [NR] Intervention of international communism in Guatemala
Mención de responsabilidad, etc. [NR] Department of State.
260 ## - PUBLICACION, DISTRIBUCION, ETC. (PIE DE IMPRENTA) [R]
Lugar de publicación, distribución, etc. [R] Westport (Connecticut, Estados Unidos)
Nombre del editor, distribuidor, etc. [R] Greenwood Press
Fecha de publicación, distribución, etc. [R] 1976
300 ## - DESCRIPCION FISICA [R]
Extensión [R] iii, 96 páginas
490 #0 - MENCION DE SERIE [R]
Mención de serie [R] Inter-American Series
Designación numérica/secuencial del volumen [NR] 48.
610 2# - ASIENTO SECUNDARIO DE MATERIA - NOMBRE CORPORATIVO [R]
Nombre corporativo o nombre de la jurisdicción como elemento de entrada [NR] Partido Guatemalteco del Trabajo
9 (RLIN) 4538
650 04 - ASIENTO SECUNDARIO DE MATERIA - TERMINO TEMATICO [R]
Término temático o nombre geográfico como elemento de entrada [NR] Comunismo
Subdivisión geográfica [R] Guatemala
9 (RLIN) 11425
651 #7 - ASIENTO SECUNDARIO DE MATERIA - NOMBRE GEOGRAFICO [R]
Nombre geográfico [NR] Guatemala
Subdivisión general [R] Política y gobierno
Subdivisión cronológica [R] 1945-1985
9 (RLIN) 26992
942 ## - ELEMENTOS DE ENTRADA AGREGADOS (KOHA)
Tipo de ítem principal el descrito en 300a Libro
Tema principal Economía
Edición 1
Parte restante de la signatura top. E771
Sistema de clasificación DEWEY
Clasificación 335.43
Existencias
Total préstamos Signatura topográfica Código de barras Última vez visto Ejemplar Price effective from Tipo de ítem Perdido Sistema de clasificación Dañado No prestable Tipo de ítem específico Suprimido Ubicación habitual Ubicación actual Localización Fecha de creación Forma de adquisición Costo
  335.43 E771 3000612 15/12/2012 Ej.1 03/02/2013 Libro   DEWEY     Libro     Bib. Cavelier Acavalier 28/02/2013   0.00